ՀՀ Գիտությունների ազգային ակադեմիայի հիմնարար գիտական գրադարան  =   Fundamental Scientific Library of NAS RA

На земле литовской : (Record no. 379238)

MARC details
000 -LEADER
fixed length control field 00680nam a2200193 a 4500
001 - CONTROL NUMBER
control field 001194430
003 - CONTROL NUMBER IDENTIFIER
control field AM-YeHGA
005 - DATE AND TIME OF LATEST TRANSACTION
control field 20250617152841.0
008 - FIXED-LENGTH DATA ELEMENTS--GENERAL INFORMATION
fixed length control field 161202s1953 ||| r 000 0 rus d
040 ## - CATALOGING SOURCE
Original cataloging agency AM-YeHGA
041 1# - LANGUAGE CODE
Language code of text/sound track or separate title rus
Language code of original lit
090 ## - LOCALLY ASSIGNED LC-TYPE CALL NUMBER (OCLC); LOCAL CALL NUMBER (RLIN)
-- 381155
100 1# - MAIN ENTRY--PERSONAL NAME
Personal name Тильвитис, Теофилис
245 10 - TITLE STATEMENT
Title На земле литовской :
Remainder of title Поэма /
Statement of responsibility, etc. Т. Тильвитис; Авториз. пер. с лит. М. Пертовых.
260 ## - PUBLICATION, DISTRIBUTION, ETC.
Place of publication, distribution, etc. Москва :
Name of publisher, distributor, etc. Советский писатель,
Date of publication, distribution, etc. 1953.
300 ## - PHYSICAL DESCRIPTION
Extent 109 с. :
Other physical details портр.
653 0# - INDEX TERM--UNCONTROLLED
Uncontrolled term Литовская литература
700 1# - ADDED ENTRY--PERSONAL NAME
Personal name Петровых, М.
Relator term пер.
Relationship trl
Holdings
Withdrawn status Lost status Damaged status Not for loan Collection Home library Current library Date acquired Total checkouts Full call number Barcode Date last seen Price effective from Koha item type Public note Source of classification or shelving scheme
        General Fundamental Scientific Library Fundamental Scientific Library 11/01/2017   РД I/4923 FL0417690 11/01/2017 11/01/2017 Գրքեր / Books 30 Days Loan  
        General Fundamental Scientific Library Fundamental Scientific Library 30/03/2017   РД I /4969 FL0417735 30/03/2017 30/03/2017 Գրքեր / Books 30 Days Loan Universal Decimal Classification


ՀՀ ԳԱԱ հիմնարար գիտական գրադարան
ՀՀ,Երևան 0019
Մարշալ Բաղրամյան 24/6
հեռախոս:(374-10) 52-47-50
Հետադարձ կապ

All site content, except where otherwise noted, is licensed under a
Creative Commons License